000 00323 a2200145 4500
001 176105
020 _a
040 _cMagnum
100 _aPaiva, May Christina Cunha de
240 1 0 _aA borboleta e a minhoca
_lpor
245 1 0 _aA borboleta e a minhoca
362 0 _a1899
697 _aMAGNITO: I/ANIMAIS
942 _cBK
999 _c176105
_d176105